Sports Quiz

Random Sports Quiz
Score 0/20 Timer 06:00
0 Plays Today
Medal Athlete % Correct
GoldMo Farah
98.2%
SilverMo Farah
98.2%
SilverDina Asher-Smith
86%
GoldAdam Gemili
84.2%
GoldCJ Ujah
70.2%
BronzeMartyn Rooney
66.7%
SilverAsha Philip
61.4%
GoldDanny Talbot
56.1%
GoldNethaneel Mitchell-Blake
54.4%
SilverEmily Diamond
50.9%
Medal Athlete % Correct
SilverDaryll Neita
49.1%
SilverEilidh Doyle
47.4%
SilverZoey Clark
45.6%
BronzeMatt Hudson-Smith
43.9%
BronzeRabah Yousif
42.1%
SilverDesiree Henry
38.6%
SilverLaviai Nielsen
28.1%
SilverPerri Shakes-Drayton
26.3%
BronzeDwayne Cowan
26.3%
BronzeJack Green
22.8%
Remove Ads.
Support Sporcle.
Get the best of Sporcle when you Go Orange. This ad-free experience offers more features, more stats, and more fun while also helping to support Sporcle. Thank you for becoming a member.

You're not logged in!

Compare scores with friends on all Sporcle quizzes.
OR
Log In

Show Comments

Extras

Top Quizzes Today


Score Distribution

Your Account Isn't Verified!

In order to create a playlist on Sporcle, you need to verify the email address you used during registration. Go to your Sporcle Settings to finish the process.

Report this User

Report this user for behavior that violates our Community Guidelines.

Details: